Loading...
| Current Events | 1 | 10.00 | 100% | 0% | 0% |
| Fine Arts - Classical Music | 6 | 21.67 | 100% | 100% | 17% |
| Fine Arts - Other | 7 | 20.00 | 100% | 57% | 43% |
| Fine Arts - Painting and Sculpture | 6 | 18.33 | 100% | 67% | 17% |
| Geography | 3 | 3.33 | 33% | 0% | 0% |
| History - American | 11 | 11.82 | 91% | 27% | 0% |
| History - European | 8 | 15.00 | 100% | 50% | 0% |
| History - Other | 6 | 15.00 | 100% | 33% | 17% |
| History - World | 10 | 12.00 | 100% | 20% | 0% |
| Literature - American | 8 | 11.25 | 100% | 13% | 0% |
| Literature - British | 5 | 12.00 | 100% | 20% | 0% |
| Literature - European | 9 | 17.78 | 100% | 56% | 22% |
| Literature - World | 4 | 25.00 | 100% | 75% | 75% |
| Mythology | 8 | 20.00 | 100% | 63% | 38% |
| Other Academic | 1 | 10.00 | 100% | 0% | 0% |
| Philosophy | 8 | 16.25 | 100% | 50% | 13% |
| Pop Culture | 2 | 15.00 | 50% | 0% | 100% |
| Religion | 6 | 15.00 | 100% | 33% | 17% |
| Science - Biology | 8 | 23.75 | 100% | 88% | 50% |
| Science - Chemistry | 6 | 21.67 | 100% | 100% | 17% |
| Science - Other | 8 | 18.75 | 100% | 63% | 25% |
| Science - Physics | 8 | 16.25 | 75% | 75% | 13% |
| Social Science | 7 | 12.86 | 100% | 14% | 14% |